000 00652nam a2200205 a 4500
999 _c6851
_d6851
001 6851
003 BD-JhCC
005 20180214180711.0
008 180131s2007 b ||||| |||| 00| 0 ben d
035 _a(BD-JhCC)
040 _aBD-JhCC
_dBD-JhCC
041 _aben
082 _a954.92
_bAHA 2007
100 _a আহমদ, সালাহউদ্দীন
245 _aইতিহাস ও ঐতিহ্য /
_cসালাহউদ্দীন আহমদ
260 _aঢাকা :
_bমাওলা ব্রাদার্স,
_c২০০৭
300 _a80 p. :
_c22cm.
650 _aHistory and haritage
_zBangaldesh
942 _2ddc
_cBK